| 000 | 00619nam a22001817a 4500 | ||
|---|---|---|---|
| 005 | 20141113122903.0 | ||
| 010 | _aENG-111216 | ||
| 020 |
_a9780199450558 _c450.00 |
||
| 035 | _aEN-94748 | ||
| 037 | _bDBAD/PUB | ||
| 100 | _aRudolph, Lloyd I. | ||
| 245 |
_aDestiation India : _bfrom London overland to India and what we learned there / _cby Lloyd I . Rudolph [and] Susanne Hoeber Rudolph |
||
| 260 |
_aNew Delhi _bOxford University Press _c2014 |
||
| 270 |
_aYMCA Library building, 1 Jai Singh Road _bNew Delhi _e110001 |
||
| 300 |
_axiii, 201p. _c22cm(pbk) |
||
| 700 | _aRudolph, Susanne Hoeber | ||
| 942 |
_2ddc _cEN _mRUD |
||
| 999 |
_c90020 _d90020 |
||